Earth Observations for Geohazards (Record no. 31468)

MARC details
000 -LEADER
fixed length control field 00507nam a2200121Ia 4500
008 - FIXED-LENGTH DATA ELEMENTS--GENERAL INFORMATION
fixed length control field 220620s9999||||xx |||||||||||||| ||und||
100 ## - MAIN ENTRY--PERSONAL NAME
Personal name Zhenhong Li (Ed.)||Roberto Tomás (Ed.)
245 #0 - TITLE STATEMENT
Title Earth Observations for Geohazards
546 ## - LANGUAGE NOTE
Language note English[eng]
650 ## - SUBJECT ADDED ENTRY--TOPICAL TERM
Topical term or geographic name entry element LiDAR||InSAR||remote sensing||earthquake||UAV||landslide||land subsidence||earth observation||surface displacement||geohazards||deformation||optical||damage assessment
856 ## - ELECTRONIC LOCATION AND ACCESS
Uniform Resource Identifier <a href="http://www.mdpi.com/books/pdfview/book/285">http://www.mdpi.com/books/pdfview/book/285</a>
942 ## - ADDED ENTRY ELEMENTS (KOHA)
Koha item type E-Books
Holdings
Withdrawn status Lost status Damaged status Not for loan Home library Current library Date acquired Total Checkouts Date last seen Price effective from Koha item type
        Kerala University of Digital Sciences, Innovation and Technology Knowledge Centre Kerala University of Digital Sciences, Innovation and Technology Knowledge Centre 20/06/2022   20/06/2022 20/06/2022 E-Books